Logo BPK

Biblioteka

Politechniki Koszalińskiej

Środki trwałe oraz wartości niematerialne i prawne 1998 : (Rekord nr 33102)

Szczegóły MARC
000 -ETYKIETA REKORDU
podpole kontrolne o stałej długości 01227nam a2200277 i 4500
001 - NUMER KONTROLNY REKORDU
pole kontrolne bg
020 ## - MIĘDZYNARODOWY ZNORMALIZOWANY NUMER KSIĄŻKI - ISBN
ISBN 839073186X
040 ## - ŹRÓDŁO KATALOGOWANIA
Instytucja, która utworzyła rekord BPK
041 0# - KOD JĘZYKA
Kod języka tekstu pl
080 ## - UNIWERSALNA KLASYFIKACJA DZIESIĘTNA - UKD
UKD 342.951:351.72:658.2:336.2:657](438)
920 ## - Międzynarodowy znormalizowany numer książki – ISBN
ISBN 83-907318-6-X
008 - POLE O STAŁEJ DŁUGOŚCI - DANE KONTROLNE
podpole kontrolne o stałej długości s pl f |000 0 pol
100 1# - NAZWA OSOBOWA
Nazwa osobowa ZUBRZYCKI, Janusz.
245 10 - TYTUŁ/ODPOWIEDZIALNOŚĆ
Tytuł Środki trwałe oraz wartości niematerialne i prawne 1998 :
Ciąg dalszy tytułu 280 pytań i odpowiedzi : środki trwałe a koszty uzyskania przychodów, amortyzacja podatkowa i bilansowa, zasady ustalania wartości początkowej, VAT w środkach trwałych, ewidencja, ulgi inwestycyjne, leasing środków trwałych /
Pozostałe elementy strefy tytułu i oznaczenia odpowiedzialności Janusz Zubrzycki, Małgorzata Grzybowska, Małgorzata Wieczorek-Fronia.
260 ## - STREFA ADRESU WYDAWNICZEGO
Miejsce wydania Wrocław :
Nazwa wydawcy/dystrybutora "Unimex",
Data publikacji, dystrybucji/powstania dokumentu 1998.
300 ## - STREFA OPISU FIZYCZNEGO
Objętość 403 s. ;
Rozmiary 24 cm.
650 #9 - HASŁO PRZEDMIOTOWE W FORMIE NAZWY OGÓLNEJ LUB JEDNOSTKOWEJ
Nazwa ogólna lub geograficzna Amortyzacja
Określnik ogólny prawo
Określnik geograficzny Polska
Określnik chronologiczny stan na 1998 r.
650 #9 - HASŁO PRZEDMIOTOWE W FORMIE NAZWY OGÓLNEJ LUB JEDNOSTKOWEJ
Nazwa ogólna lub geograficzna Inwestycje
Określnik ogólny prawo
Określnik geograficzny Polska
Określnik chronologiczny stan na 1998 r.
650 #9 - HASŁO PRZEDMIOTOWE W FORMIE NAZWY OGÓLNEJ LUB JEDNOSTKOWEJ
Nazwa ogólna lub geograficzna Leasing
Określnik ogólny prawo
Określnik geograficzny Polska
Określnik chronologiczny stan na 1998 r.
650 #9 - HASŁO PRZEDMIOTOWE W FORMIE NAZWY OGÓLNEJ LUB JEDNOSTKOWEJ
Nazwa ogólna lub geograficzna Podatek dochodowy
Określnik ogólny rachunkowość
-- prawo
Określnik geograficzny Polska
Określnik chronologiczny stan na 1998 r.
650 #9 - HASŁO PRZEDMIOTOWE W FORMIE NAZWY OGÓLNEJ LUB JEDNOSTKOWEJ
Nazwa ogólna lub geograficzna Środki trwałe
Określnik ogólny prawo
Określnik geograficzny Polska
Określnik chronologiczny stan na 1998 r.
655 ## - TERMIN INDEKSOWY - OKREŚLENIE RODZAJU/FORMY DOKUMENTU
Określenie rodzaju/formy dokumentu Poradniki
700 1# - HASŁO DODATKOWE - NAZWA OSOBOWA
Nazwa osobowa GRZYBOWSKA, Małgorzata.
700 1# - HASŁO DODATKOWE - NAZWA OSOBOWA
Nazwa osobowa WIECZOREK-FRONIA, Małgorzata.
856 ## - LOKALIZACJA I DOSTĘP DO ELEKTRONICZNYCH DOKUMENTÓW ZDALNYCH
Link (URL) http://koha.tu.koszalin.pl/cgi-bin/koha/opac-detail.pl?biblionumber=33102
Tekst linku Katalog online BPK
942 ## - DODATKOWE ELEMENTY (KOHA)
Typ dokumentu Książka
Egzemplarze
Wycofany Status egzemplarza Uszkodzony Dostępność Lokalizacja stała Lokalizacja bieżąca Miejsce przechowywania Sygnatura Kod kreskowy Dział Typ dokumentu Ostatnio wypożyczono
      Tylko na miejscu Biblioteka Politechniki Koszalińskiej Biblioteka Politechniki Koszalińskiej Czytelnia BG 42911 01330298 34 Nauki prawne Książka  
      Dostępny Biblioteka Politechniki Koszalińskiej Biblioteka Politechniki Koszalińskiej Wypożyczalnia BG 42911/L 02126432   Książka 01.06.2019
© 2023 Biblioteka Politechniki Koszalińskiej :: KOHA